Festa de l'esport : tothom hi juga : 7 i 8 de juny de 2008 tothom hi juga :
Descripción Física:
184 p. : il. col., quadres ; 29 cm
MARC
| LEADER | 00000nam a2200000Ia 4500 | ||
|---|---|---|---|
| 001 | 21221 | ||
| 003 | BGR | ||
| 005 | 20260324180049.0 | ||
| 008 | 160829s2009 xx 000 0 cat d | ||
| 080 | |a P-1-83 | ||
| 111 | |a Jornades de Portes Obertes a l'Esport - Festa de l'Esport |9 71262 |c (Barcelona : |d 2008) | ||
| 245 | |a Festa de l'esport : |b tothom hi juga : |b 7 i 8 de juny de 2008 | ||
| 260 | |a Barcelona : |b Diputació de Barcelona. Àrea d'Esports, |c 2009 | ||
| 300 | |a 184 p. : |b il. col., quadres ; |c 29 cm | ||
| 650 | 0 | |a Esports |z Barcelona (Província) |v Congressos |9 42031 | |
| 710 | |a Barcelona (Catalunya : Província). |b Àrea d'Esports |9 53827 | ||
| 901 | |a Arxiu | ||
| 942 | |n 1 |2 udc |c JC | ||
| 952 | |0 0 |1 0 |4 0 |6 P183 |7 1 |9 52418 |a Arxiu |b Arxiu |d 2016-12-01 |l 0 |o P-1-83 |p 21221 |r 2016-12-01 00:00:00 |w 2016-12-01 |y ARXIU | ||
| 999 | |c 56266 |d 56266 | ||